00476nam a2200193 a 4500001001300000003000900013005001700022008004100039020001000080082001700090100001600107245002000123260005400143300000800197500003500205505001300240650001300253700001600266nice12345678IN_TiNIC20260116011742.0050524s1951 hyda grp 000 0 urd  ac10000a297.831bHYD aHyder, Syed aAaina-I-Mukafat aHyderabad bMarkazi Anjuman Taleemus Salat c1951 a16p aincludes index and biblioraphy2 aarchives aMahdavia1 aHyder, Syed